[Event "RUS-chT 12th"]
[Site "Sochi"]
[Date "2005.04.19"]
[Round "1"]
[White "Bareev, Evgeny"]
[Black "Chernyshov, Konstantin"]
[Result "1-0"]
[WhiteElo "2709"]
[BlackElo "2531"]
[Annotator "Stohl,I"]
[PlyCount "51"]
[EventDate "2005.04.19"]
[EventType "team-tourn"]
[EventRounds "11"]
[EventCountry "RUS"]
[SourceTitle "EXT 2020"]
[Source "ChessBase"]
[SourceDate "2019.10.17"]
[SourceVersion "1"]
[SourceVersionDate "2019.10.17"]
[SourceQuality "1"]
[WhiteTeam "Samara Termosteps"]
[BlackTeam "Voronezh Red October"]
[WhiteTeamCountry "RUS"]
[BlackTeamCountry "RUS"]

1. d4 e6 2. c4 b6 3. e4 Bb7 4. Bd3 Nc6 5. Ne2 Nb4 6. Nbc3 Nxd3+ 7. Qxd3 Bb4 {
This is not ideal, as one of Black's possible future trumps in a cramped
positon is his ^^ and the text-move more or less acquiesces with an exchange
of the Bb4.} (7... d6 8. O-O g6 9. f4 Ne7 10. d5 Qd7 11. Nd4 (11. Be3 Bg7 12.
Bd4 $14) 11... Bg7 12. f5 gxf5 13. exf5 Bxd4+ 14. Qxd4 O-O-O 15. fxe6 fxe6 16.
Bg5 Rhg8 17. Ne4 c5 18. Qd2 Rg7 19. Rf6 exd5 20. Nxd6+ Kb8 21. Nxb7 (21. Nb5
$142 $5 $36) 21... Kxb7 22. cxd5 Qxd5 23. Qxd5+ Rxd5 24. Bh6 Rg6 $11 {1/2,
Miniboeck,G-Schroll,G/AUT-chT2/2004/}) (7... Ne7 $142 8. O-O g6 (8... d5 9.
cxd5 exd5 10. e5 Qd7 11. Nf4 O-O-O 12. Re1 Ng6 13. a4 a5 14. Bd2 Kb8 15. Rec1
Rc8 16. Nh5 Rg8 (16... Qg4 $5 $14) 17. Nb5 c6 18. Nd6 $1 Bxd6 19. exd6 Qxd6 20.
b4 axb4 21. a5 $40 c5 22. axb6 c4 {Kalinitschew,S-Bischoff,K/playchess.com 5'/
2004/} 23. Bxb4 $1 $18) 9. Bg5 Bg7 10. f4 f6 11. Bh4 O-O 12. d5 Ba6 13. Rad1
Qe8 14. Nd4 exd5 15. exd5 Qf7 16. b3 (16. f5 c6 $132) 16... c5 17. Ndb5 Bxb5
18. Nxb5 Nf5 19. Bf2 d6 20. g4 a6 21. Nc3 (21. Nc7 $1 $36) 21... Nh6 22. h3 Qd7
23. Rde1 Rae8 24. Rxe8 Rxe8 25. Re1 f5 $11 {Arlandi,E-Efimov,I/Asti op/1995/})
8. O-O {White plays it solid. More ambitious, but double-edged is} (8. Qg3 $5
Bxe4 9. Qxg7 Qf6 10. Qg3 (10. Bh6 Qxh6 11. Qxh8 O-O-O 12. Qe5 Nf6 13. Qf4 Bxc3+
14. bxc3 Qg6 15. f3 Bd3 $44 16. Qg3 Qh6 17. Qf4 Qg6 18. Qg3 Qh6 19. Qf4 Qg6 20.
Qg3 {1/2,Erdos,V-Kraai,J/Budapest/2003/}) 10... Qg6 11. Qxc7 Bxg2 (11... Qxg2
$5 12. Rg1 Bxc3+ 13. bxc3 Qf3 $13) 12. Rg1 Qe4 13. Be3 Ne7 14. O-O-O Qb7 15.
Qe5 Ng6 16. Qb5 Be7 17. d5 Bf3 18. Rg3 Bxe2 19. Nxe2 Rc8 20. Kb1 a6 21. Qb3 b5
{Efimov,I-Caposciutti,M/Monte Carlo/2000/} 22. Rc1 $14) 8... Bxc3 (8... Ne7
$143 $6 9. Nd1 $1 Ng6 10. f4 f5 11. exf5 exf5 12. Ng3 O-O 13. c5 $1 a5 14. a3
Ba6 15. Qb3+ Kh8 16. axb4 Bxf1 17. Nxf1 Qe7 18. bxa5 bxa5 19. Nc3 c6 20. Qc2
Qf6 21. Be3 Ne7 22. Nd2 $18 {Ehlvest,J-Kraai,J/Philadelphia/2003/}) 9. Nxc3 Ne7
10. b3 $146 {[%csl Gc4,Gd4,Ge4] Bareev has a strong [+] and a permanent edge,
so he is patient (for the time being, at least!).} (10. d5 $5 d6 (10... Ng6
$142 11. f4 O-O $14 {/\} 12. f5 exf5 13. exf5 Ne5 14. Qg3 f6) 11. f4 Qd7 12. f5
exf5 13. exf5 O-O-O 14. Bg5 Rde8 15. Rae1 (15. f6 $16) 15... h6 16. Bd2 Kb8 17.
f6 gxf6 18. Ne4 Ng8 19. Qg3 Rh7 20. Bc3 $36 {Gual Pascual,A-Teran Alvarez,I/
Cala Galdana/1999/}) 10... O-O 11. Ba3 d6 12. f4 {[%cal Gf1f7][%mdl 128] |^>>,
<->f With clear attacking intentions, which Black shouldn't ignore...} c5 $6 ({
Safer was} 12... f5 $142 13. e5 (13. Rae1 $14) (13. d5 $5 {/\} fxe4 14. Nxe4
exd5 15. Ng5 Rf5 16. g4 $13) 13... Qd7 $14) 13. f5 Nc6 (13... exf5 14. exf5 f6
$8 15. d5 $16 {[%csl Re6][%cal Rc3e2,Re2f4] ><e6,/\Ne2-f4}) 14. f6 $1 $40 {
[%mdl 512]} gxf6 $2 (14... Nxd4 15. Bc1 $5 $44 {/\} (15. Qg3 g6 16. Qh4 Kh8 17.
Rf4 g5 $8 18. Qxg5 Rg8 19. Qh5 Rg6 $132) ({after} 15. Rf4 {White must already
reckon with} g6 $5) (15. fxg7 $36) 15... g6 16. Qh3 Kh8 17. Bh6 Rg8 (17... Re8
18. Bg7+ Kg8 19. Qh6 e5 20. Bh8 Ne6 21. Rf3 $18) 18. Rf4 $1 (18. Bg7+ Rxg7 19.
fxg7+ Kg8 $1 $14) 18... g5 19. Bg7+ Rxg7 20. fxg7+ Kg8 (20... Kxg7 21. Rxf7+
Kxf7 22. Qxh7+ $18) 21. Rf2 $16) (14... cxd4 $2 15. Nb5 $16 {/\Nd6}) 15. Rf4 $1
Nxd4 16. Rh4 f5 $8 (16... Re8 17. Qg3+ Kf8 (17... Kh8 18. Qh3 $18 {->}) 18.
Rxh7 Ke7 19. Qg6 (19. Qg7 $143 Kd7 $1 $13) 19... Rf8 20. Rf1 Ke8 (20... f5 21.
exf5 Nxf5 22. Nd5+ $1 Bxd5 23. cxd5 {[%cal Rg6e6] /\Qe6} Ke8 24. Rxf7 $1 $18)
21. Qg7 f5 $140 22. Bc1 $40) 17. Qg3+ Kh8 18. Qh3 Qg5 (18... Qf6 19. Rxh7+ Kg8
20. Rf1 Qg6 21. Rh6 Qg7 22. Bc1 $40 {-18...Qg5 only transposes into the game.})
19. Rxh7+ Kg8 20. Rf1 $1 {[%cal Ra3c1] /\Bc1} Qg6 21. Rh6 Qg7 22. Bc1 $1 $40 {
[%cal Rc1g5,Rg5f6,Rh3h5] /\Qh5,Bg5-f6 All White's pieces join the attack.} Bxe4
$6 {This eases White's task.} (22... fxe4 23. Bg5 $1 f5 (23... Qxg5 $2 24. Rh8+
Kg7 25. Qh7#) 24. Qh5 {[%cal Rh6g6] /\Rg6+-}) (22... f6 23. Qh5 $18) ({The
only way to try to confuse the issue was} 22... Rfe8 {However, the most
convincing is} 23. Qh4 $1 (23. Rf4 Bxe4 $1 $132) (23. Kh1 {and it's not easy
for Black to do anything constructive, as} Kf8 $2 {loses to} 24. Qh4 $1 {
[%cal Rh6h8,Rc1g5] /\Rh8,Bg5}) (23. Rh5 f6 24. exf5 exf5 (24... Nxf5 $2 25. Rf4
$18) 25. Bh6 Qg6 $14 (25... Qg4 26. Qxg4+ fxg4 27. Rxf6 $16)) (23. exf5 exf5 $5
(23... Nxf5 24. Rh5 Qd4+ 25. Kh1 $40) 24. Rh5 Re6 25. Bh6 Qe5 26. Bf4 Qg7 $13)
(23. Qh5 e5 24. Nd5 $5 (24. Bg5 Re6 $13) 24... Bxd5 (24... Re6 25. Rxe6 fxe6
26. Bh6 Qf7 27. Qg5+ Kh8 28. Nf6 {[%cal Rh6g7] /\Bg7!+-}) 25. cxd5 f4 26. Rxd6
Rad8 27. Rh6 $36) 23... e5 (23... fxe4 24. Rh5 $1 $18 (24. Bg5 e3 $132)) 24.
Bg5 Re6 25. Bf6 Rxf6 26. Rxf6 $18) 23. Nxe4 fxe4 24. Bg5 $1 $18 f6 (24... Nf3+
25. Rxf3 exf3 26. Bf6 Qxg2+ 27. Qxg2+ fxg2 28. Rh8#) 25. Bxf6 Rxf6 26. Rfxf6
1-0

[Event "Dortmund SuperGM 33rd"]
[Site "Dortmund"]
[Date "2005.07.10"]
[Round "3"]
[White "Bacrot, Etienne"]
[Black "Svidler, Peter"]
[Result "1/2-1/2"]
[WhiteElo "2729"]
[BlackElo "2738"]
[Annotator "Stohl,I"]
[PlyCount "76"]
[EventDate "2005.07.07"]
[EventType "tourn"]
[EventRounds "9"]
[EventCountry "GER"]
[EventCategory "19"]
[SourceTitle "CBM 108"]
[Source "ChessBase"]
[SourceDate "2005.09.26"]
[SourceVersion "1"]
[SourceVersionDate "2005.09.26"]
[SourceQuality "1"]

1. d4 g6 2. c4 Bg7 3. e4 Nc6 4. Nf3 d6 5. h3 ({After a bad start Bacrot
doesn't display his usual ambitions and spurns the more enterprising
alternative, which had already ocurred in his practice:} 5. d5 Ne5 (5... Nb8 6.
h3 e5 (6... c6 7. Nc3 Nf6 8. Be2 O-O 9. O-O a6 10. Be3 $14 {()} b5 $6 11. cxb5
cxb5 12. b4 a5 13. Rb1 axb4 14. Rxb4 Bd7 15. Bxb5 Na6 16. Rb3 Qa5 17. Bd4 e5
18. dxe6 Bxe6 19. Rb1 Nb4 20. a4 Rfc8 {Fridman,D-Appel,R/Essen/2001/} 21. Re1
$16) 7. g4 c5 $6 8. Nc3 Nf6 9. Be3 O-O 10. Be2 Ne8 11. a3 a5 12. Qd2 Na6 13.
O-O-O Bd7 14. Rdg1 f6 15. h4 Rf7 16. Qd1 Nec7 17. g5 f5 18. h5 f4 19. Bd2 Bf8
20. Rh4 Rb8 21. hxg6 hxg6 22. Rgh1 Bg7 23. R1h2 Rf8 24. Qh1 $18 {->,Bacrot,
E-Istratescu,A/FRA-chT/2003/}) 6. Nxe5 Bxe5 7. Bd3 c5 8. O-O {[%cal Yb1d2,
Yd2f3] /\Nd2-f3+/=}) 5... Nf6 ({More in the spirit of the line is} 5... e5 $5
6. d5 Nd4 $13 {, for example after} (6... Nb8 7. g4 {-5.d5}) (6... Nce7 $5 7.
Be2 f5 $13) 7. Be3 Nxf3+ 8. Qxf3 {Black can develop his N more effectively to
e7.}) 6. d5 $5 $146 {[%mdl 8]} (6. Nc3 {-E90 transposes to normal King's
Indian lines.}) 6... Ne5 (6... Nb8 7. Nc3 $14 {, now} c6 {transposes to
Fridman-Appel.}) 7. Nxe5 dxe5 8. Nc3 O-O 9. Be3 e6 10. Bc5 $5 {With this White
prevents the Ne8-d6 manoeuvre, on the other hand Black gains an important
tempo develop his Bc8 and free his position.} (10. Be2 exd5 11. cxd5 (11. exd5
$5 {()}) 11... Ne8 12. h4 $5 $14 (12. O-O Nd6 {[%cal Yf7f5] /\f5<=>})) 10...
Re8 11. Be2 b6 12. Be3 Bb7 13. O-O exd5 (13... c6 14. dxc6 Bxc6 15. Qc2 $14)
14. cxd5 (14. exd5 c6 15. dxc6 (15. d6 $6 c5 16. Nb5 Re6 {[%csl Rd6][%cal
Ra7a6,Yf6e8] /\a6,Ne8,><d6}) 15... Bxc6 $11) 14... c6 15. dxc6 $8 (15. d6 $2
Re6 $17) (15. Bc4 $6 cxd5 16. exd5 Rc8 $36) 15... Bxc6 16. Qxd8 (16. Qc2 $5 {
also gives White some chances to claim an edge, as Black still has to activate
his Bg7.}) 16... Rexd8 17. f3 $14 {[%csl Ra7,Rb6][%cal Ge3a7,Ge2a6] Despite
the symmetrical nature of the position, Black must still be very careful, as
White's pieces are trained on his vulnerable <<.} Bf8 $1 18. Rfd1 (18. Bg5 Kg7
$11 {/\} 19. f4 Bc5+ 20. Kh1 Bd4) 18... Bb7 19. Kf2 Kg7 20. a4 $1 Rxd1 $6 (
20... Bb4 21. Rxd8 Rxd8 22. Nb5 $36) (20... Bc5 $142 $5 $14 {/=}) 21. Rxd1 Rc8
22. g4 (22. Nb5 $1 $36 {/\} Bc5 23. Bxc5 Rxc5 24. Nd6 Bc8 (24... Bc6 25. b4 Rc2
26. b5 Bd7 (26... Be8 27. f4 $1 Rc5 28. fxe5 Rxe5 29. Ke3 $16 {/\} Nxe4 30. Kd4
$1) 27. Nc4 Be6 28. Nxe5 Bb3 29. Rd4 Ra2 30. Nc6 $16) 25. Bc4 Be6 26. Bxe6 fxe6
27. Ke3 $14 {/+/-}) 22... h6 23. h4 Be7 24. Nb5 Bc5 25. Rd2 $6 (25. Bxc5 Rxc5 (
25... bxc5 26. Rc1 $1 $16) 26. Nd6 $36) 25... Bb4 26. Rd3 Rc2 $1 $132 27. Rb3 (
27. Nxa7 Rxb2 (27... Bxe4 $5 28. fxe4 Nxe4+ 29. Kf3 Nf6 $13) 28. Bxb6 Ra2 $11)
(27. g5 hxg5 28. hxg5 Nh5 29. Rd7 (29. Nxa7 Ba6 30. Nb5 Nf4 $11) 29... Bc6 30.
Rxa7 Bxb5 31. axb5 Nf4 $44) 27... a5 28. Kf1 $2 (28. Bxb6 Nd7 29. Be3 Nc5 30.
Bxc5 Bxc5+ $44) 28... Nd7 $36 29. Na3 Rc8 30. Nc4 Bc6 $15 31. Rd3 (31. Nxb6
Nxb6 32. Bxb6 Bxa4 33. Rd3 Rc1+ $17) 31... Bxa4 32. b3 $5 {White is already
forced to sacrifice a pawn to face the growing pressure.} Bb5 33. Rd5 Bc6 34.
Rd1 Rb8 (34... b5 35. Nd6 Bxd6 (35... Rb8 36. Rc1 $132) 36. Rxd6 $44 {[%csl
Ge2,Ge3] ^^}) 35. Rc1 Bb5 36. Kf2 {[%cal Rc4b6] /\Nb6} Bxc4 37. Bxc4 Bc5 38.
Rd1 Bxe3+ (38... Bxe3+ 39. Kxe3 Nc5 40. Rd5 Rc8 (40... f6 41. g5 $15 {/<=>})
41. g5 (41. Rd6 $2 b5 42. Bxb5 Nxb3 $17) (41. Rxe5 Nxb3 $1 $17) 41... Rc7 $5
$15) 1/2-1/2

[Event "GER-ch 72nd"]
[Site "Heringsdorf"]
[Date "2000.11.21"]
[Round "5"]
[White "Graf, Alexander"]
[Black "Bunzmann, Dimitrij"]
[Result "1/2-1/2"]
[WhiteElo "2642"]
[BlackElo "2484"]
[Annotator "Stohl,I"]
[PlyCount "43"]
[EventDate "2000.11.17"]
[EventType "swiss"]
[EventRounds "9"]
[EventCountry "GER"]
[SourceTitle "CBM 080"]
[Source "ChessBase"]
[SourceDate "2001.01.25"]
[SourceVersion "1"]
[SourceVersionDate "2001.01.25"]
[SourceQuality "1"]

1. d4 e6 2. c4 b6 3. e4 Bb7 4. Bd3 f5 5. exf5 Bb4+ 6. Kf1 Nf6 7. c5 {The older
move, but it seems to give Black sufficient counterplay.} ({Possibly the
safest way to some advantage is} 7. Nf3 O-O 8. a3 Bd6 9. Nc3 Qe8 10. Qe2 $5 (
10. Bg5 exf5 11. Bxf5 Qh5 12. h4 h6 13. Kg1 Bxf3 14. Qxf3 Qxf3 15. gxf3 hxg5
16. hxg5 Ne8 17. Bh7+ Kf7 18. Nd5 g6 19. Rh6 Kg7 20. Bxg6 Nc6 21. Rd1 Rd8 22.
Kg2 $44 {Khenkin,I-Bunzmann,D/Polanica Zdroj/1999/}) (10. fxe6 dxe6 11. Bg5
Nbd7 12. Qe2 Qh5 13. Ne4 Rae8 14. Bxf6 Nxf6 15. Nxf6+ Rxf6 16. Be4 Bxe4 17.
Qxe4 Rf4 18. Qe3 Qf7 19. c5 bxc5 20. dxc5 Bf8 21. Ne5 Qf6 22. Re1 g6 23. g3 Rf5
24. b4 Bg7 25. Ng4 Qf7 $44 {Miniboeck,G-Aschenbrenner,R/AUT-ch Frohnleiten/
2000/}) 10... exf5 11. Qxe8 Nxe8 12. Ke2 Bxf3+ 13. Kxf3 Nc6 14. Ne2 a5 15. g3
Be7 16. Kg2 Nd6 17. Rd1 Kh8 18. Be3 Rab8 19. Rab1 Ne4 20. Bxe4 fxe4 21. Nc3
Rbe8 22. Nxe4 Bxa3 23. d5 {Khenkin,I-Bunzmann,D/Bad Wiessee/2000/} Nb8 24. bxa3
Rxe4 25. d6 $36) ({Thanks to the efforts of Shabalov hardly anybody nowadays
dares to play Beliavsky's} 7. Be2 $5 {although even here matters are far from
clear.}) 7... bxc5 8. a3 c4 9. Bxc4 Ba5 (9... Be7 10. fxe6 O-O 11. exd7+ $6 {
Only helps Black's development} (11. Nf3 $142 $14) 11... Kh8 12. Be3 Nbxd7 13.
Nf3 Nb6 14. Be2 Nbd5 15. Bd2 Ne4 16. Nc3 Nxd2+ 17. Qxd2 Nf4 18. Rd1 Qd7 19. h3
Qf5 20. d5 Bf6 $36 {Watson,J-Wolski,T/San Francisco/1999/}) 10. fxe6 (10. Nf3
O-O 11. Bd2 (11. Nc3 $5 Bxc3 12. bxc3 Bd5 $13) 11... Nc6 12. Bxa5 Nxa5 13. Ba2
Ne4 14. b4 Rxf5 $1 15. bxa5 Nxf2 $1 16. Kxf2 Qh4+ 17. Kf1 Ba6+ 18. Kg1 Rxf3 19.
gxf3 Rf8 20. Nd2 Qg5+ {1/2,Dreev,A-Shabalov,A/Elista olm/1998/}) 10... dxe6 11.
Nf3 (11. Bxe6 $2 Qe7 12. d5 Nxd5 $1 13. Bxd5 Bxd5 14. Ne2 Qf7 15. Nbc3 Bb3 16.
Qd3 O-O 17. Be3 Nc6 18. Qb5 Rae8 19. Bc5 Bc4 20. Qxc6 Bxc3 21. bxc3 Rxe2 22.
Kg1 Rxf2 23. h4 Rb2 24. Rd1 Qh5 25. Rd4 Rf1+ {0-1,Sideif Sade,F-Lempert,I/
Nabereznye Chelny/1993/}) (11. Ne2 O-O 12. Nf4 Kh8 13. Nc3 Qd6 14. Qe2 Bxc3 (
14... Nbd7 $5 $14 {as in the game.}) 15. bxc3 Ne4 16. Qh5 e5 17. dxe5 Qc6 18.
Bf7 Rxf7 19. Qxf7 Nd7 20. Be3 Rf8 21. Qe6 Qxc3 22. Rc1 Nd2+ 23. Ke2 Qb2 24. Nd3
Qb5 25. Kxd2 $18 {Markus,R-Czebe,A/Budapest/2000/}) (11. Qa4+ Nc6 12. Nf3 O-O
13. Bg5 (13. Be3 Nd5 14. Nc3 Bxc3 15. bxc3 Nce7 16. Re1 Bc6 17. Qc2 Nf5 18. Bg5
Qd6 19. Ne5 Bb7 20. Kg1 h6 21. Bc1 Rae8 22. h4 Nb6 23. Bd3 c5 24. dxc5 Qxc5 25.
Rh3 $16 {Janssen,R-Wyrwich,T/Ruhrgebiet/1997/}) (13. Nc3 Kh8 14. Be3 Bb6 15.
Rd1 Qe8 16. Ba6 Bxa6+ 17. Qxa6 Ng4 18. Qe2 e5 19. dxe5 Nxe3+ 20. fxe3 Nxe5 21.
Nd5 Rd8 22. Nxb6 Rxd1+ 23. Qxd1 axb6 24. Qe2 Qc6 25. Kf2 Ng4+ 26. Kg3 Nf6 $44 {
Meins,G-Buhmann,R/GER-ch Heringsdorf/2000/}) 13... Qd6 14. Nc3 Bxc3 15. bxc3
Nd5 16. Re1 Kh8 17. Qc2 Qxa3 18. Bxd5 exd5 19. Bc1 Qa5 20. Ng5 g6 21. g4 Rae8
22. Kg2 Ba6 23. Bd2 Qb5 24. Ne6 Rf7 25. Bh6 $14 Qd3 $4 26. Nf4 $1 {1-0,Barbero,
G-Czebe,A/Budapest/1998/}) 11... O-O 12. Nc3 Kh8 13. Ng5 $146 (13. h4 Nc6 14.
Bg5 Bb6 15. Na4 Bxd4 16. Nxd4 Nxd4 17. Nc5 Bd5 $1 18. Rc1 e5 19. Qd3 Qd6 20.
Bxd5 Qxd5 21. Rh3 a5 22. Bxf6 Rxf6 23. Qe4 Qxe4 24. Nxe4 Rb6 25. Rhc3 Rxb2 26.
Rxc7 h6 27. g3 Ra2 28. R1c3 $11 {Ksieski,Z-Bunzmann,D/Stuttgart/1998/}) 13...
Qd6 14. Qe2 Nbd7 15. Qxe6 {[%mdl 64] Now Black holds his own in a short
tactical skirmish.} (15. Nxe6 $5 Rae8 (15... Rfe8 16. Ng5 $1 $16) (15... Bxc3
16. Nxf8 Rxf8 17. bxc3 Qc6 18. f3 Nb6 19. Bb5 Qxc3 20. Bb2 $18) 16. Bf4 Qb6 (
16... Qc6 17. d5 $16) (16... Rxe6 17. Bxd6 Rxe2 18. Bxf8 Rxb2 19. Na4 Rd2 20.
Bb4 Bxb4 21. axb4 $16) 17. b4 Qc6 18. d5 Nxd5 19. Bxd5 Qxc3 20. Rc1 Qxa3 21.
Qg4 (21. Bxb7 $2 Rxf4 $36) 21... Rxe6 22. Bxe6 Qxb4 23. Be3 $14) 15... Qxd4 16.
Be3 (16. Nf7+ $2 Rxf7 17. Be3 Qh4 18. Qxf7 Ne5 $19) 16... Qh4 17. Rd1 Rae8 (
17... Ng4 $4 18. Qg8+ Rxg8 19. Nf7#) 18. Rd4 (18. Nf7+ Kg8 19. Nh6+ $11 (19.
Rd4 $6 Rxe6 20. Rxh4 Kxf7 $32 {|^})) 18... Qh5 19. Nf7+ (19. Qh3 Qxh3 20. Nxh3
Bb6 $15) 19... Kg8 20. Nh6+ (20. Qf5 $6 Qxf5 21. Nh6+ Kh8 22. Nxf5 Re5 $36 {/\}
23. Bd3 Bxc3 24. bxc3 Nd5 25. c4 Rfxf5 26. Bxf5 Nxe3+ 27. fxe3 Rxf5+ $17) 20...
Kh8 21. Nf7+ Kg8 22. Nh6+ 1/2-1/2

[Event "Olympiad-36"]
[Site "Mallorca"]
[Date "2004.10.19"]
[Round "5"]
[White "Aleksandrov, Aleksej"]
[Black "Beliavsky, Alexander G"]
[Result "1/2-1/2"]
[WhiteElo "2659"]
[BlackElo "2660"]
[Annotator "Stohl,I"]
[PlyCount "51"]
[EventDate "2004.10.15"]
[EventType "team-swiss"]
[EventRounds "14"]
[EventCountry "ESP"]
[SourceTitle "CBM 104"]
[Source "ChessBase"]
[SourceDate "2005.01.27"]
[SourceVersion "1"]
[SourceVersionDate "2005.01.27"]
[SourceQuality "1"]
[WhiteTeam "Belarus"]
[BlackTeam "Slovenia"]
[WhiteTeamCountry "BLR"]
[BlackTeamCountry "SLO"]

1. d4 e6 2. c4 b6 3. Nc3 Bb7 4. f3 {A very rare move, White probably wanted to
avoid any established theory.} ({One of the plausible sharper systems against
the << Fianchetto is} 4. e4 Bb4 5. f3) 4... d5 $5 {Beliavsky decides to
radically oppose the impending [+] expansion.} (4... f5 5. e3 g6 6. Bd3 Bg7 7.
Nge2 Qh4+ 8. Ng3 Nh6 9. O-O O-O 10. Nge2 Qe7 11. Qc2 Kh8 12. a3 d5 13. Bd2 Nd7
14. b4 $14 {(),Ibanez,E-Hamdouchi,H/Sitges/1994/}) (4... Qh4+ 5. g3 Qh5 6. Bg2
(6. e4 $142 $14) 6... Bb4 7. e4 f5 8. Bf4 Nf6 9. Bxc7 Bxc3+ 10. bxc3 fxe4 11.
fxe4 Qxd1+ 12. Rxd1 Bxe4 13. Nf3 O-O 14. O-O Nc6 15. Bd6 Rfc8 $15 {Smith,
A-Chernoff,J/Dos Hermanas/2003/}) (4... Bb4 5. e4 {-4.e4 only transposes.}) 5.
cxd5 (5. Bf4 c6 $6 (5... Nf6 $142 $11) 6. e3 (6. e4 $1 $36 {[%csl Gc4,Gd4,Ge4]
[+]}) 6... Bd6 7. Bxd6 Qxd6 8. f4 Nf6 9. Nf3 dxc4 (9... O-O {/\c5<=>}) 10. Bxc4
Ba6 11. Bd3 Bxd3 12. Qxd3 O-O 13. O-O Rd8 14. Rad1 Nbd7 15. Rd2 Nf8 16. Rfd1
Ng6 17. Ne5 $14 {Jensen,A-Jacobsen,J/Albertslund/1999/}) (5. e4 dxe4 6. fxe4
Nf6 7. e5 Ne4 8. Nf3 c5 $13) 5... exd5 6. Nh3 (6. e4 $5 dxe4 7. fxe4 Nf6 8. Bg5
Be7 (8... h6 9. Bxf6 Qxf6 10. Nf3 $14) 9. e5 (9. Bb5+ c6 10. Bc4 Nxe4 11. Nxe4
Bxg5 12. Bxf7+ Kxf7 13. Qh5+ Kg8 14. Nxg5 Qe7+ $11) 9... Ne4 $132) 6... Bd6 $6
(6... c5 7. e3 $14 {is perhaps not ideal, but}) (6... Nf6 $13 {is certainly
more natural}) 7. e4 $1 $36 dxe4 8. fxe4 Nc6 {[%cal Rc6d4] /\Nd4} (8... Qh4+ 9.
g3 Qe7 10. Bb5+ c6 11. Bc4 $14 {/\} b5 12. Bb3 b4 13. O-O $1 $40) 9. Be3 Nh6 $6
{Another dubious move, which puts Black on the brink of defeat.} (9... Nge7 10.
Bc4 $14) 10. Qh5 $1 $16 Qd7 11. Be2 {Solid, taking g4 under control.} ({
But even} 11. Bc4 Ng4 12. Bxf7+ Qxf7 13. Qxg4 Nb4 14. Ng5 $5 $36 {deserved
attention.}) 11... O-O 12. O-O (12. Bxh6 Nxd4 $5 $132) (12. O-O-O $5 $16 {->})
12... f6 13. Nd5 (13. Bxh6 gxh6 14. Bc4+ $16 {is simpler.}) 13... f5 14. Rad1
$6 {White had at least 2 more promising continuations:} (14. e5 Nb4 $5 (14...
Bb4 15. Bc4 $18) (14... Bxe5 15. Bc4 $1 Kh8 16. Bxh6 {/\} gxh6 17. dxe5 Nxe5
18. Qd1 $1 $18) 15. Nxb4 Bxb4 16. Nf4 $40) (14. Bxh6 gxh6 15. Rad1 $16) 14...
Ng4 15. Bxg4 {[%mdl 64] This eventually leads to wild tactics, in which both
sides gradually lose control of the proceedings.} (15. Bf4 Nxd4 $1 16. Bc4 Kh8
$13) (15. Rxf5 $5 $14) 15... fxg4 16. Ng5 $2 {Already playing with fire, as
the N will have no way back.} (16. Nhf4 $142 $13) 16... h6 17. e5 (17. Qg6 hxg5
18. Nf6+ Rxf6 19. Rxf6 Bc5 $5 $17) 17... Rxf1+ 18. Rxf1 (18. Kxf1 $143 hxg5 19.
Qg6 (19. exd6 Qf5+ $19) 19... Be7 20. e6 Rf8+ 21. Nf6+ Rxf6+ 22. Qxf6 Bxf6 23.
exd7 Nb8 $17) 18... Bxe5 (18... Nxe5 19. dxe5 Bxe5 20. Nf7 (20. Qf7+ Qxf7 21.
Nxf7 Re8 $1 $15) (20. Qxg4 Qxd5 $5 (20... Qxg4 21. Ne7+ Kh8 22. Ng6+ $11) 21.
Nf7 {-20.Nf7}) 20... Qxd5 21. Qxg4 Kh7 $5 (21... h5 22. Qg6 {[%cal Rf7h6,Rh6f7]
/\Nh6-f7 and White has a perpetual at least.}) 22. Nxe5 (22. Qf5+ g6 23. Qh3
Bg7 24. Nxh6 (24. Bxh6 Bc8 $1 $17) 24... Qxg2+ 25. Qxg2 Bxg2 26. Kxg2 Bxh6 $15)
22... Qxe5 23. Bd4 Qe7 $11 {/=/+}) 19. Nf7 Qxd5 20. Qxg4 (20. dxe5 $2 Nxe5 21.
Rf2 Nf3+ $19) 20... Bxd4 (20... Nxd4 21. Nxh6+ (21. Nxe5 h5 $1 22. Ng6 (22. Qg5
Ne6 23. Qg3 h4 24. Qf3 Qxe5 $19) 22... hxg4 23. Ne7+ Kh7 24. Nxd5 Ne2+ 25. Kf2
Bxd5 $19) 21... Kh7 22. Nf7 Bf6 (22... Qxg2+ 23. Qxg2 Bxg2 24. Kxg2 Nc2 $17)
23. Qh3+ Kg8 24. Nh6+ Kf8 25. Ng4 Ke7 $5 $17 {/-+ and Black should be able to
beat off the -> and win.}) 21. Nxh6+ Kh7 22. Nf5 Bxe3+ $6 {Being a piece up
exchanges are natural, but the Bd4 is important for the defence and after this
Black can't win anymore.} (22... Bf6 $4 23. Qh5+ Kg8 24. Nh6+ $18) (22... Be5
$142 $1 23. Qh5+ Kg8 24. Qg6 Bf6 (24... Kh8 25. Nh6 $1 gxh6 26. Qxh6+ Kg8 27.
Qg5+ $11) {/\} 25. Nh6+ Kf8 26. Ng4 Qxg2+ $1 $19) 23. Nxe3 Qe5 (23... Qxa2 24.
Nf5 (24. Qh5+ Kg8 25. Nd5 Rf8 26. Rxf8+ Kxf8 27. Qf5+ Ke8 28. Qe6+ $11 Kd8 $4
29. Qg8+ Kd7 30. Nxb6+ $18) 24... Qxb2 (24... Qf7 25. Rf3 $1 $40) 25. Qh4+ Kg8
26. Qc4+ Kh8 $11) (23... Qd6 $2 24. Nf5 Qg6 25. Qh3+ Kg8 26. Qb3+ Kh7 27. Rf3
$1 Qf6 28. Rh3+ Kg6 29. Nh4+ Kh7 30. Nf3+ Kg6 31. Qd5 $1 $18) 24. Nf5 (24. Qh4+
Kg8 25. Qc4+ Kh7 26. Qh4+ Kg6 27. Qg4+ $11 Qg5 $4 28. Qe4+ Kh6 29. Ng4+ Kh5 30.
Qh7+ Kxg4 31. Qh3#) 24... Rf8 (24... Re8 25. Qh5+ Kg8 26. Nh6+ gxh6 27. Qg6+
$11) 25. Qh3+ Kg8 (25... Kg6 $2 26. Nh4+) 26. Qb3+ (26. Qb3+ Kh7 (26... Rf7 $6
27. Nh6+ gxh6 28. Qxf7+ Kh8 29. Qg6 $40) 27. Qh3+ $11) 1/2-1/2